[Event "Mecklenburg VP-ch U25"]
[Site "Malchow"]
[Date "2019.02.05"]
[Round "5.3"]
[White "Brand, Hannes"]
[Black "Krueger, Louis"]
[Result "0-1"]
[WhiteElo "1143"]
[BlackElo "1330"]
[PlyCount "62"]
[EventDate "2019.02.02"]
[EventType "swiss"]
[EventRounds "7"]
[EventCountry "GER"]
[SourceTitle "EXT 2022"]
[Source "ChessBase"]
[SourceDate "2021.10.06"]
[SourceVersion "1"]
[SourceVersionDate "2021.10.06"]
[SourceQuality "1"]

1. d4 d6 2. c4 g6 3. Nc3 Bg7 4. e4 Nf6 5. Nf3 0-0 6. Be2 Nbd7 7. 0-0 c5 8. Be3 Ng4 9. dxc5 Nxe3 10. fxe3 dxc5 11. Qd2 Nf6 12. Rad1 Qxd2 13. Rxd2 b6 14. Nd5 Nxe4 15. Nxe7+ Kh8 16. Rd5 Bxb2 17. Rb1 Bf6 18. Rc1 Bxe7 19. Re5 Nc3 20. Rc2 Nxe2+ 21. Rxe2 Bf6 22. Rd5 Bb7 23. Rd6 Bxf3 24. gxf3 Bg7 25. Red2 h5 26. R6d5 Rfe8 27. R2d3 Bf6 28. Rd7 Rad8 29. Kg2 Rxd7 30. Rxd7 Re7 31. Rd8+ Kg7 0-1

[Event "Mecklenburg VP-ch U25"]
[Site "Malchow"]
[Date "2019.02.03"]
[Round "3.3"]
[White "Wolfgramm, Theo"]
[Black "Krueger, Louis"]
[Result "1/2-1/2"]
[WhiteElo "1648"]
[BlackElo "1330"]
[PlyCount "104"]
[EventDate "2019.02.02"]
[EventType "swiss"]
[EventRounds "7"]
[EventCountry "GER"]
[SourceTitle "EXT 2022"]
[Source "ChessBase"]
[SourceDate "2021.10.06"]
[SourceVersion "1"]
[SourceVersionDate "2021.10.06"]
[SourceQuality "1"]

1. e4 d6 2. d4 g6 3. Nf3 Bg7 4. Bd3 Nf6 5. c3 0-0 6. Be3 Nbd7 7. 0-0 c5 8. Re1 a6 9. Nbd2 b5 10. Nf1 Bb7 11. Ng3 e5 12. d5 c4 13. Bc2 Rc8 14. Qd2 Nc5 15. Bg5 Qd7 16. h3 a5 17. Nh2 Qe7 18. Ng4 Ncd7 19. h4 Rb8 20. h5 Bc8 21. f3 Nc5 22. Nxf6+ Bxf6 23. Bxf6 Qxf6 24. Kf2 Qe7 25. Rh1 g5 26. h6 f6 27. Nf5 Qa7 28. Ke2 Bxf5 29. exf5 b4 30. b3 Qa6 31. bxc4 Qxc4+ 32. Bd3 Qxd5 33. cxb4 Nxd3 34. Qxd3 Qxd3+ 35. Kxd3 Rxb4 36. g3 Re8 37. Rhe1 d5 38. Rac1 e4+ 39. fxe4 dxe4+ 40. Ke3 Ra4 41. Rc7 Ra3+ 42. Kf2 Rxa2+ 43. Re2 Rxe2+ 44. Kxe2 a4 45. Ra7 Re5 46. g4 Rb5 47. Rxa4 Rb2+ 48. Ke3 Rh2 49. Ra8+ Kf7 50. Ra7+ Kg8 51. Ra8+ Kf7 52. Ra7+ Kg8 1/2-1/2